Statistics for Lowest Countries

Click here to take the quiz!

General Stats

  • This quiz has been taken 15 times
  • The average score is 11 of 20

Answer Stats

Answer % Correct
United States
93%
Russia
87%
China
87%
Israel
73%
Jordan
67%
Azerbaijan
67%
Egypt
67%
Kazakhstan
60%
Djibouti
60%
Syria
60%
Iran
60%
Ethiopia
53%
Argentina
53%
Eritrea
53%
Turkmenistan
53%
Libya
47%
Algeria
47%
Morocco
40%
Peru
13%
Dominican Republic
0%

Score Distribution

Percentile by Number Answered

Percent of People with Each Score

Your Score History

You have not taken this quiz